[Event "Ch Croatia (team) (2nd league)"]
[Site "masterchessopen.com - Croatia"]
[Date "2007.11.04"]
[Round "9"]
[White "Petrovic Zvonko (CRO)"]
[Black "Cosic Radoslav (CRO)"]
[Result "1-0"]
[WhiteElo "2254"]
[BlackElo "2201"]

1.Nf3 d6 2.d4 g6 3.g3 Bg7 4.Bg2 c6 5.O-O f5 6.c4 Nf6 7.Nc3 O-O 8.Re1 e6 9.e4
Na6 10.e5 Ng4 11.h3 Nh6 12.exd6 Qxd6 13.Bf4 Qb4 14.Qe2 Nf7 15.a3 Qb6 16.Rad1
Re8 17.b4 Qd8 18.Ne5 Nc7 19.Qf3 Nxe5 20.dxe5 Qe7 21.Qe3 Qf8 22.Rd6 h6 23.h4
Kh7 24.Red1 Qf7 25.b5 cxb5 26.cxb5 Rg8 27.Bxb7 g5 28.Bxa8 gxf4 29.Qxa7 fxg3
30.f4 Qe7 {#r} 1-0

[Event "Tournament (Elo)"]
[Site "masterchessopen.com - Sao Bernardo (Brazil)"]
[Date "2007.11.04"]
[Round "5"]
[White "Grillo Carlos Henrique Gf (BRA)"]
[Black "Saito Vinicius Ikezu"]
[Result "0-1"]
[WhiteElo "1970"]
[BlackElo "2063"]

1.d4 f5 2.Nf3 Nf6 3.c4 g6 4.Nc3 Bg7 5.g3 O-O 6.Bg2 c6 7.O-O d6 8.e3 Qe8 9.d5
h6 10.Nd4 e5 11.dxe6 Bxe6 12.b3 Bf7 13.Bb2 Na6 14.Qe2 Nc5 15.Rad1 Rd8 16.Qc2
Qe7 17.Rfe1 Nce4 18.Nde2 Nxf2 19.Kxf2 Ng4+ {#R} 0-1

[Event "It (open)"]
[Site "masterchessopen.com - Groningen (Netherlands)"]
[Date "2007.12.28"]
[Round "7"]
[White "Li Shilong (CHN)"]
[Black "Reinderman Dimitri (NED)"]
[Result "1-0"]
[WhiteElo "2509"]
[BlackElo "2510"]

{ Reinderman Dimitri (NED) +2 =2 -0 } 1.d4 f5 2.g3 Nf6 3.Bg2 g6 4.c4 Bg7 5.Nc3
O-O 6.Nf3 d6 7.O-O c6 { ?/= } 8.Qb3 ( 8.d5 e5 9.dxe6 Bxe6 10.b3 Na6 11.Ng5 Qe7
12.Ba3 Rad8 13.Nxe6 Qxe6 14.e3 Rfe8 15.Qc2 Nc5 16.Rad1 Nce4 17.Nxe4 Nxe4
18.Rd3 Rd7 19.Rfd1 Red8 20.Bb2 Nc5 21.Rd4 Qe7 22.R4d2 Ne4 23.Rd4 Nc5 24.R4d2
Ne4 { 1/2-1/2, Bareev Evgeny 2690 - Agrest Evgenij 2545 , New York 1998 It
(open) } ) ( 8.b3 Qc7 9.Ba3 a5 10.Rc1 Na6 11.Qd2 Bd7 12.Rfe1 Nb4 13.Bb2 e5
14.a3 Na6 15.dxe5 dxe5 16.Nb5 cxb5 17.cxb5 Nc5 18.Bxe5 Qb6 19.Bxf6 Bxf6
20.Qd5+ Ne6 21.Qxd7 Rad8 22.Rc6 Rxd7 23.Rxb6 Nc5 24.b4 axb4 25.axb4 Ne4 26.e3
Kf7 27.h4 Rb8 { ...1-0, Karpov Anatoly 2755 - Jussupow Artur 2610 , Linares
1989 It } ) ( 8.Qc2 Na6 9.Rd1 Qe8 10.d5 cxd5 11.cxd5 Bd7 12.Be3 Rc8 13.Qb3 Nc5
14.Qa3 a6 15.Bd4 Nfe4 16.Bxg7 Kxg7 17.Nd4 Nxc3 18.Qxc3 Kg8 19.Rac1 Qf7 20.e3
Ne4 21.Qb3 b5 22.h4 h6 23.Qa3 Qxd5 24.Qxa6 Ra8 25.Qb6 Qxa2 26.Bxe4 fxe4 27.Qb7
Ra7 { ...1/2-1/2, Lahaye Rick 2367 - Rychagov Andrey 2557 , Ottawa 8. 7.2007
It "Canadian Open" } ) ( 8.Re1 Ne4 9.Qc2 Nxc3 10.bxc3 e5 11.dxe5 dxe5 12.Ba3
Re8 13.Rad1 Qf6 14.e4 f4 15.Rd6 Be6 16.Bh3 fxg3 17.hxg3 Na6 18.Bxe6+ Rxe6
19.Rxe6 Qxe6 20.Qb3 b5 21.cxb5 Qxb3 22.axb3 cxb5 23.Rd1 Rc8 24.Rd7 h6 25.Rxa7
Nc5 26.Bxc5 Rxc5 27.Nh4 Rxc3 { ...1/2-1/2, Neverov Valeriy 2560 - Malaniuk
Vladimir P 2615 , Minsk 1997 It (open) } ) ( 8.Bg5 Ne4 9.Nxe4 fxe4 10.Ne1 d5
11.Nc2 h6 12.Be3 Bf5 13.cxd5 cxd5 14.Qd2 Kh7 15.Rac1 { 1/2-1/2, Vajda Levente
2489 - Grunberg Mihai-Lucian 2472 , Bucharest 2001 It (cat.8) } ) 8...Na6
9.Rd1 ( 9.Bf4 Qb6 10.Qxb6 axb6 11.Na4 Nd7 12.a3 e5 13.dxe5 dxe5 14.Be3 e4
15.Ng5 Re8 16.Rab1 Nac5 17.Nxc5 bxc5 18.Rfd1 Ra4 19.Re1 Bd4 20.Bxd4 cxd4 21.f4
h6 22.Nh3 Nf6 23.Ra1 c5 24.Nf2 Be6 25.b3 Ra6 26.a4 Rb6 27.Ra3 Bc8 28.Rd1 Kg7 {
...1/2-1/2, Bazant Petr 2361 - Jurica Peter 2205 , Slovakia 1999 Extra League
1998/99 } ) ( 9.Bg5 Ne4 10.Nxe4 fxe4 11.Nd2 Bxd4 12.Nxe4 Nc5 13.Nxc5 Bxc5
14.Be3 Qb6 15.Bxc5 Qxc5 16.e3 a5 17.Rfd1 a4 18.Qc3 Be6 19.Rac1 Ra6 20.Rd2 Rb6
21.h3 Rf5 22.g4 Re5 23.Qd3 Rb4 24.b3 b5 25.Rdc2 bxc4 26.bxc4 Bf7 27.Rc3 Rb2
28.Ra3 Rb4 { ...1-0, Gofshtein Zvulon 2561 - Barbat Thomas 2149 , Paris 2000
Ch Paris (open) } ) 9...Kh8 { +0.98 CAP } ( 9...Qe8 10.Rb1 h6 11.Qa3 g5 12.b4
Nc7 13.b5 Ne4 14.bxc6 bxc6 15.Nxe4 fxe4 16.Nd2 Bg4 17.Nxe4 Bxe2 18.Re1 Bxc4
19.Nxd6 Qg6 20.Nxc4 Qxb1 21.Be4 Qb5 22.Ne5 Nd5 23.Bd3 Qb7 24.Qa4 Rf6 25.Bc4
Rd8 26.Qc2 Rdf8 27.Qe4 Re6 28.Bd3 Nf6 29.Qg6 { ...0-1, Panelo Marcelo 2418 -
Rodriguez Andres 2511 , Barcelona 31. 8.2006 It (open) } ) ( 9...Qc7 10.c5+ {
+0.37 CAP } ) 10.a4 { N } ( 10.d5 Rb8 11.Qc2 Bd7 12.Be3 c5 13.Rab1 Nc7 14.a4
h6 15.b4 Ng4 16.bxc5 Nxe3 17.fxe3 Na6 18.Nh4 Kh7 19.e4 Bxc3 20.Qxc3 Nxc5
21.Rf1 fxe4 22.Qd4 Bf5 23.Nxf5 gxf5 24.Rxf5 Rxf5 25.Bxe4 Qd7 26.Rf1 Rf8 27.g4
Nxe4 28.Qxe4 Kg7 29.gxf5 Rf6 { ...1-0, Ibragimov Ildar 2575 - Renner Christoph
2429 , Bad Wiessee 2000 It (open) } ) ( 10.Qa3 Qe8 ( 10...Nc7 11.d5 c5 12.Rb1
Nh5 13.e3 a5 14.Qb3 Bd7 15.Bd2 Rb8 16.Qc2 e5 17.dxe6 Bxe6 18.Ne2 b6 19.Bc3 Qe7
20.Nf4 Nxf4 21.gxf4 h6 22.Bxg7+ Kxg7 23.Rd2 g5 24.fxg5 hxg5 25.Rbd1 Rbd8
26.Qb3 Ne8 27.Qxb6 Rh8 28.Ne5 Qf6 29.Bd5 g4 { ...1-0, Aleshin Oleg 2410 -
Ivanov Alexander Al 2419 , Moscow 11. 2.2006 It (open) "Aeroflot" (A2) } )
11.b4 Nc7 12.Bb2 e5 13.dxe5 dxe5 14.Qa5 Na6 15.b5 b6 16.Qa3 Nc5 17.bxc6 e4
18.Nd4 Qf7 19.Rac1 Be6 20.Ncb5 a6 21.Nd6 Qc7 22.Nb7 { 1-0, Korchnoi Viktor
2676 - Dolmatov Sergey 2600 , Las Vegas 1999 Ch World FIDE } ) ( 10.Rb1 Qe8
11.Qa3 Ne4 12.b4 Nxc3 13.Qxc3 Nc7 14.Bb2 f4 15.Qd2 fxg3 16.hxg3 d5 17.cxd5
cxd5 18.Ne5 Be6 19.Qe3 Nb5 20.Qb3 Rd8 21.Rbc1 g5 22.e4 Bxe5 23.dxe5 Qf7
24.exd5 Qxf2+ 25.Kh1 g4 26.Rc2 Qf5 27.Rcd2 Qg5 28.a4 Nc7 29.Bc1 Bf5 { ...1-0,
Pantsulaia Levan 2611 - Guliev Sarhan 2484 , Abudhabi 19. 8.2007 It (open) } )
( 10.h3 Qe8 11.Qa3 Ne4 12.Ng5 Nxc3 13.bxc3 h6 14.Nf3 Qf7 15.d5 c5 16.h4 Qf6
17.Rb1 Nb8 18.Bf4 Nd7 19.Rb3 Kh7 20.Rf1 a5 21.Qc1 Ra6 22.e4 Ne5 23.Nxe5 dxe5
24.Be3 f4 25.Bxc5 g5 26.h5 f3 27.Bh1 Qf7 { 0-1, Naranja Renato 2395 - Larsen
Bent 2630 , Manila 1974 Izt } ) ( 10.c5 Nc7 11.Ng5 Qe8 12.cxd6 exd6 13.Bf4 Qd8
14.d5 h6 15.dxc6 hxg5 16.Bxd6 b6 17.Be5 Qe7 18.Bxc7 Qxc7 19.Nb5 Qe7 20.c7 Be6
21.Qc2 Ne4 22.Bxe4 fxe4 23.Qxe4 Qf7 24.Qxa8 Qxf2+ 25.Kh1 Rxa8 26.Rd8+ Kh7
27.Rad1 Bc8 28.Nd6 Bh3 29.Rg1 Qxe2 { ...0-1, Houdart David 2189 - Davies
Christopher 2047 , Dublin 2000 Cup Glorney & Faber } ) ( 10.Bd2 Rb8 11.Ne1 Qe8
12.Nd3 Nh5 13.d5 cxd5 14.cxd5 b5 15.Be3 b4 16.Nb1 Bd7 17.a4 bxa3 18.Qxa3 Bb5
19.Nc3 Bc4 20.Qa4 Bxd3 21.Rxd3 Nb4 22.Rd2 a6 23.Bd4 Qc8 24.Bxg7+ Nxg7 25.Rd4
Qc5 26.Rad1 Rb7 27.e3 g5 28.Bf1 Qb6 29.Rc4 f4 { ...1-0, Poesson Thierry 2046 -
Hodot Yves 2014 , France 1998 Ch France (team) (2) 1997/98 } ) 10...Qc7 11.Qa3
e5 12.dxe5 dxe5 13.b4 Re8 14.c5 Be6 15.Nxe5 Nd5 16.Nxd5 Qxe5 17.Bf4 Qb2 { ?! }
( 17...Qxe2 { !? } 18.Bf3 Qb2 19.Qxb2 Bxb2 20.Rab1 Rad8 21.Rxb2 Bxd5 22.Bxd5
Rxd5 23.Rxd5 cxd5 24.Bd6 Rc8 { } ) 18.Qxb2 Bxb2 19.Rab1 Bg7 20.b5 cxd5 21.bxa6
bxa6 22.Bxd5 Rac8 23.Bxe6 Rxe6 24.Rb7 Bf8 25.Rdd7 Bxc5 26.Rxh7+ Kg8 27.Rbg7+
Kf8 28.Bh6 { } {#r} 1-0

[Event "It (open)"]
[Site "masterchessopen.com - Aschach (Austria)"]
[Date "2007.12.30"]
[Round "6"]
[White "Ungureanu Vlad (ROM)"]
[Black "Simic Milan (SRB)"]
[Result "1-0"]
[WhiteElo "2319"]
[BlackElo "2140"]

1.d4 f5 2.Nf3 Nf6 3.c4 g6 4.Nc3 Bg7 5.g3 d6 6.Bg2 O-O 7.O-O c6 8.d5 e5 9.dxe6
Bxe6 10.Qd3 Qe7 11.Bf4 d5 12.Ne5 Rd8 13.Rfd1 Na6 14.cxd5 Nxd5 15.Nxc6 bxc6
16.Qxa6 Nxc3 17.bxc3 Bd5 18.Bxd5+ cxd5 19.Rab1 Bxc3 20.Rb7 Rd7 21.Rdb1 Bd4
22.Rxd7 Qxd7 23.e3 Bg7 24.Rb7 Qc8 25.h4 Qe8 26.Qd6 Qd8 27.Qe6+ {#r} 1-0

[Event "It (open) (b)"]
[Site "masterchessopen.com - Moscow (Russia)"]
[Date "2008.02.04"]
[Round "3"]
[White "Golomovziuk Alexey (RUS)"]
[Black "Martynov Vladimir (RUS)"]
[Result "1-0"]
[WhiteElo "2082"]
[BlackElo "2134"]

1.d4 g6 2.c4 Bg7 3.Nc3 f5 4.Nf3 Nf6 5.g3 c6 6.Bg2 d6 7.O-O O-O 8.d5 e5 9.dxe6
Bxe6 10.Qd3 Kh8 11.Bf4 Ne8 12.c5 d5 13.b4 a5 14.a3 Nd7 15.Bg5 Nef6 16.Be3 Qe7
17.Bd4 Bg8 18.Rfb1 axb4 19.axb4 Ne4 20.e3 g5 21.Ne2 h6 22.Qd1 Ndf6 23.Ne5 Bh7
24.f3 Ne8 25.Rxa8 Bxe5 26.Bxe5+ Qxe5 27.fxe4 {#r} 1-0

[Event "Ch Europe (seniors) (team)"]
[Site "masterchessopen.com - Dresden (Germany)"]
[Date "2008.02.11"]
[Round "1"]
[White "Perk Egbert (GER)"]
[Black "Brameyer Hermann (GER)"]
[Result "0-1"]
[WhiteElo "2060"]
[BlackElo "2244"]

1.d4 f5 2.c4 Nf6 3.Nf3 g6 4.Nc3 Bg7 5.g3 d6 6.Bg2 O-O 7.O-O c6 8.Qc2 Na6 9.a3
Qe8 10.d5 Bd7 11.Bg5 Nc5 12.Bxf6 Bxf6 13.dxc6 bxc6 14.Nd2 e5 15.b4 Ne6 16.e3
e4 17.Rad1 Qf7 18.Ndxe4 fxe4 19.Nxe4 Be7 20.Nxd6 Bxd6 21.Rxd6 Ng5 22.f4 Nh3+
23.Kh1 Rac8 24.c5 Bg4 25.e4 h5 26.f5 gxf5 27.exf5 Rce8 28.Bxc6 Qxf5 29.Qc4+
Kg7 30.Qd4+ Qe5 31.Rxf8 Qxd4 {#R} 0-1

[Event "Ch Romania"]
[Site "masterchessopen.com - Cluj (Romania)"]
[Date "2008.02.28"]
[Round "5"]
[White "Danilov Ilie Vladimir (ROM)"]
[Black "Mures Cristian (ROM)"]
[Result "1-0"]
[WhiteElo "2415"]
[BlackElo "2223"]

1.d4 d6 2.Nf3 g6 3.g3 Bg7 4.Bg2 f5 5.O-O Nf6 6.c4 O-O 7.Nc3 c6 8.d5 e5 9.dxe6
Bxe6 10.Qd3 Kh8 11.Bf4 Bg8 12.Nd2 d5 13.cxd5 Nxd5 14.Nxd5 cxd5 15.Nf3 Nc6
16.Qd2 Re8 17.Rfd1 Qb6 18.Be3 Qxb2 19.Qxb2 Bxb2 20.Rab1 d4 21.Bg5 Bxa2 22.Rxb2
{#r} 1-0

[Event "Bundesliga B Mitte 2007/08"]
[Site "masterchessopen.com - Austria"]
[Date "2008.03.02"]
[Round "9"]
[White "Leitner Gerald (AUT)"]
[Black "Simic Milan (SRB)"]
[Result "1-0"]
[WhiteElo "2238"]
[BlackElo "2136"]

1.c4 f5 2.Nf3 Nf6 3.g3 d6 4.d4 g6 5.Bg2 Bg7 6.O-O O-O 7.Nc3 c6 8.Re1 Ne4 9.Qc2
Nxc3 10.Qxc3 e5 11.dxe5 dxe5 12.e4 fxe4 13.Ng5 Na6 14.Nxe4 Be6 15.Be3 Qe7
16.a3 Bf5 17.b4 Rac8 18.Rad1 Bxe4 19.Bxe4 b6 20.c5 b5 21.Rd6 Nb8 22.Red1 Rfd8
23.Qb3+ Kf8 24.Rxd8+ Rxd8 25.Rxd8+ Qxd8 26.Qe6 Qe7 27.Qc8+ Qe8 28.Qc7 a6
29.Bg5 {#r} 1-0

[Event "Ch France (team) (nat.1) 2007/08"]
[Site "masterchessopen.com - France"]
[Date "2008.03.15"]
[Round "8"]
[White "Godard Maxence (FRA)"]
[Black "Do Huu-Thi (FRA)"]
[Result "1-0"]
[WhiteElo "2347"]
[BlackElo "2175"]

1.c4 f5 2.g3 Nf6 3.Bg2 g6 4.Nf3 d6 5.d4 c6 6.O-O Bg7 7.Nc3 O-O 8.d5 e5 9.dxe6
Bxe6 10.Qd3 h6 11.Nh4 Bf7 12.e4 Nbd7 13.Qxd6 Ne8 14.Qb4 a5 15.Qa3 Ne5 16.exf5
Nxc4 17.Qa4 Qb6 18.Nxg6 Nf6 19.Nxf8 Rxf8 20.Qc2 Re8 21.b3 Ne5 22.Be3 Qb4
23.Rac1 Bh5 24.Kh1 Bf3 25.Bf4 b5 26.Rfe1 Bxg2+ 27.Kxg2 Nh5 28.Bxe5 Qg4 29.Re4
{#r} 1-0

[Event "Ch Russia (juniors) (under 14) (1 league)"]
[Site "masterchessopen.com - Dagomys (Russia)"]
[Round "5"]
[White "Leonov Vladislav (RUS)"]
[Black "Osetrov Vladislav (RUS)"]
[Result "0-1"]
[WhiteElo "2197"]
[BlackElo "1800"]

1.g3 f5 2.Bg2 Nf6 3.Nf3 d6 4.d4 g6 5.O-O Bg7 6.c4 O-O 7.Nc3 c6 8.Re1 Ne4
9.Nxe4 fxe4 10.Ng5 d5 11.cxd5 cxd5 12.f3 Qb6 13.e3 exf3 14.Bxf3 h6 15.Bxd5+ e6
16.Nxe6 Bxe6 17.Be4 Bf5 18.Qd3 Na6 19.Qc4+ Kh8 20.Bg2 Rac8 21.Qb3 Nb4 22.Re2
Nc2 23.Qxb6 axb6 24.Rxc2 Rxc2 25.Bxb7 Bh3 {#R} 0-1

[Event "It \"]
[Site "masterchessopen.com - Belgrade (Yugoslavia)"]
[Date "2008.04.01"]
[Round "8"]
[White "Dimitrijevic Miroljub (SRB)"]
[Black "Kerecki Ljubisa (SRB)"]
[Result "0-1"]
[WhiteElo "2006"]
[BlackElo "2174"]

1.d4 f5 2.Nf3 Nf6 3.g3 g6 4.Bg2 Bg7 5.c4 d6 6.O-O O-O 7.Nc3 c6 8.Qc2 Na6 9.a3
e6 10.Bg5 h6 11.Bxf6 Qxf6 12.e4 e5 13.Rad1 g5 14.dxe5 dxe5 15.exf5 Bxf5 16.Qe2
Bg4 17.Ne4 Qf7 18.Ned2 Rad8 19.Qe4 Rxd2 20.Qxg4 Rxb2 21.Qe4 Qe7 22.Qe3 Nc5
23.Rb1 Rxb1 24.Rxb1 Rd8 25.Bf1 e4 26.Be2 Qf8 {#R} 0-1

[Event "It (open)"]
[Site "masterchessopen.com - Ditzingen (Germany)"]
[Date "2008.05.01"]
[Round "3"]
[White "Rau Hannes (GER)"]
[Black "Schuh Karsten (GER)"]
[Result "1-0"]
[WhiteElo "2429"]
[BlackElo "2220"]

1.d4 f5 2.g3 Nf6 3.Bg2 g6 4.Nf3 Bg7 5.O-O O-O 6.c4 d6 7.Nc3 c6 8.d5 Bd7 9.Rb1
Na6 10.Nd4 Qe8 11.dxc6 bxc6 12.b4 Rc8 13.a3 Kh8 14.Qa4 c5 15.Qxa6 cxd4 16.Nb5
Be6 17.Nxa7 Rxc4 18.b5 Ne4 19.b6 Nc5 20.Qb5 Qxb5 21.Rxb5 Bd7 22.Rb1 Na6 23.Bg5
Re8 24.Rfc1 Rxc1+ 25.Rxc1 h6 26.Bd2 e6 27.Bc6 Bxc6 28.Rxc6 d5 29.b7 {#r} 1-0

[Event "It (open)"]
[Site "masterchessopen.com - Teplice (Czech Republic)"]
[Date "2008.06.19"]
[Round "6"]
[White "Bartos Jan (CZE)"]
[Black "Papay Jindrich (CZE)"]
[Result "1-0"]
[WhiteElo "2203"]
[BlackElo "2037"]

1.d4 f5 2.g3 g6 3.Bg2 Nf6 4.c4 Bg7 5.Nc3 c6 6.Nf3 d6 7.O-O O-O 8.d5 e5 9.dxe6
Bxe6 10.Qd3 Na6 11.Bf4 d5 12.Ng5 Bf7 13.Nxf7 Rxf7 14.cxd5 Nb4 15.Qc4 Nbxd5
16.Rad1 Qb6 17.Nxd5 cxd5 18.Bxd5 Nxd5 19.Rxd5 Bxb2 20.Rb1 Qc6 21.Rc5 Qf6
22.Rc7 Rf8 23.Bh6 Be5 24.Rc8 Bd6 25.Bxf8 Bxf8 26.Rxb7 Kg7 27.Rxf7+ Qxf7
28.Qxf7+ {#r} 1-0

[Event "It (open)"]
[Site "masterchessopen.com - Wroclaw (Poland)"]
[Date "2008.06.23"]
[Round "3"]
[White "Kaminski Viktor (CAN)"]
[Black "Rogalski Krzysztof (POL)"]
[Result "1-0"]
[WhiteElo "2256"]
[BlackElo "1901"]

1.c4 f5 2.d4 Nf6 3.g3 d6 4.Nf3 g6 5.Bg2 Bg7 6.Nc3 O-O 7.O-O c6 8.b3 Ne4 9.Bb2
Nxc3 10.Bxc3 Qc7 11.Rc1 e5 12.dxe5 dxe5 {#r} 1-0

[Event "Memorial V.Zagorovsky (open)"]
[Site "masterchessopen.com - Voronezh (Russia)"]
[Date "2008.07.06"]
[Round "6"]
[White "Shishkin Alexander (RUS)"]
[Black "Kosinov Leonid (RUS)"]
[Result "1-0"]
[WhiteElo "2070"]
[BlackElo "1921"]

1.Nf3 d6 2.d4 f5 3.c4 Nf6 4.g3 g6 5.Bg2 Bg7 6.O-O O-O 7.Nc3 c6 8.b3 Re8 9.Bb2
Nbd7 10.d5 Qc7 11.Nd4 Nb8 12.dxc6 bxc6 13.Nxc6 Nxc6 14.Nd5 Nxd5 15.Qxd5+ e6
16.Qxc6 Qxc6 17.Bxc6 {#r} 1-0

[Event "Ch Vietnam (juniors) (under 09)"]
[Site "masterchessopen.com - Vung Tau (Vietnam)"]
[Date "2008.07.11"]
[Round "8"]
[White "Tran Minh Thang (VIE)"]
[Black "Nguyen Tan Hoang Nam (VIE)"]
[Result "0-1"]
[WhiteElo "2133"]
[BlackElo "1764"]

1.d4 f5 2.c4 Nf6 3.Nc3 d6 4.g3 g6 5.Bg2 Bg7 6.Nf3 O-O 7.O-O c6 8.Qb3 Kh8 9.Bf4
Qe8 10.Rad1 Nh5 11.d5 Nxf4 12.gxf4 Na6 13.Nd4 c5 14.Ne6 Bxe6 15.dxe6 Rb8
16.Nb5 Nb4 17.Nxa7 Ra8 18.a3 Nc6 19.Bxc6 bxc6 20.Qb6 Rb8 21.Qxc6 Rxb2 22.e3
Ra2 23.Rd3 Rc2 24.Rb1 Rxc4 25.Qd7 g5 26.Rdb3 Qg6 27.Rb8 gxf4+ 28.Kh1 f3
29.Rxf8+ Bxf8 30.Rg1 Qxg1+ 31.Kxg1 Rc1# 0-1

[Event "Ch Slovakia (open)"]
[Site "masterchessopen.com - Zvolen (Slovakia)"]
[Date "2008.07.13"]
[Round "9"]
[White "Marusak Peter (SVK)"]
[Black "Ruckschloss Karol (SVK)"]
[Result "0-1"]
[WhiteElo "2062"]
[BlackElo "2230"]

1.d4 f5 2.c4 g6 3.Nc3 Nf6 4.g3 Bg7 5.Bg2 O-O 6.Nf3 c6 7.O-O d6 8.Re1 Nh5 9.e4
f4 10.Nh4 e5 11.d5 c5 12.Rf1 Nf6 13.Nf3 Ne8 14.h4 h6 15.Ne1 Nd7 16.Bf3 Ndf6
17.g4 Qd7 18.g5 hxg5 19.hxg5 Nh7 20.Kg2 Qh3+ 21.Kg1 Nxg5 22.Bg2 Qh4 23.Nf3
Nxf3+ 24.Bxf3 g5 25.Bg2 g4 26.Qd2 f3 27.Bh1 Kf7 28.Qg5 Qh3 {#R} 0-1

[Event "It (open) \"]
[Site "masterchessopen.com - Helsingor (Denmark)"]
[Date "2008.07.20"]
[Round "3"]
[White "Rasmussen Morten (DEN)"]
[Black "De Coninck Rafael (BEL)"]
[Result "0-1"]
[WhiteElo "1889"]
[BlackElo "2130"]

1.d4 f5 2.g3 Nf6 3.Bg2 g6 4.Nf3 Bg7 5.c4 O-O 6.O-O d6 7.Nc3 c6 8.Qc2 Qe8 9.Re1
e5 10.dxe5 dxe5 11.e4 f4 12.gxf4 Nh5 13.Nxe5 Bxe5 14.fxe5 Qxe5 15.Ne2 Bg4
16.Qc3 Nd7 17.Be3 Qxc3 18.Nxc3 Ne5 19.b3 Rad8 20.Kh1 b6 21.h3 Bf3 22.Bxf3 Rxf3
23.Kg2 Rdf8 24.Red1 Nf4+ 25.Bxf4 R8xf4 26.Rac1 Rxf2+ 27.Kg1 Rb2 {#R} 0-1

[Event "It (open) \"]
[Site "masterchessopen.com - Helsingor (Denmark)"]
[Date "2008.07.24"]
[Round "7"]
[White "Kulago Alexander (RUS)"]
[Black "De Coninck Rafael (BEL)"]
[Result "0-1"]
[WhiteElo "2241"]
[BlackElo "2130"]

1.Nf3 f5 2.g3 Nf6 3.Bg2 g6 4.O-O Bg7 5.d4 O-O 6.c4 d6 7.Nc3 c6 8.d5 e5 9.dxe6
Bxe6 10.Qd3 Na6 11.Rd1 Nc5 12.Qxd6 Qxd6 13.Rxd6 Bxc4 14.Rb1 Nfe4 15.Bf4 Bxc3
16.bxc3 Nxc3 17.Be3 N5e4 18.Rdd1 Nxd1 19.Rxd1 Rfd8 20.Rb1 Nc3 {#R} 0-1

[Event "Ch Russia (club) (juniors) (under 18)"]
[Site "masterchessopen.com - Rybinsk (Russia)"]
[Date "2008.08.09"]
[Round "8"]
[White "Andrukov Dmitry (RUS)"]
[Black "Malygin Alexander (RUS)"]
[Result "0-1"]
[WhiteElo "2064"]
[BlackElo "2194"]

1.d4 f5 2.Nf3 Nf6 3.c4 g6 4.Nc3 Bg7 5.g3 O-O 6.Bg2 d6 7.O-O c6 8.Qb3 Kh8 9.Rd1
Qe8 10.Bf4 h6 11.h4 Nh5 12.d5 Nxf4 13.gxf4 c5 14.Bh3 Na6 15.Kh2 Nc7 16.Rg1 Rb8
17.h5 g5 18.fxg5 Qxh5 19.Qd1 Bd7 20.a4 Rg8 21.Qf1 Bxc3 22.bxc3 hxg5 23.Nd2 g4
24.Rg3 f4 {#R} 0-1

[Event "It \"]
[Site "masterchessopen.com - Pawtucket (USA)"]
[Date "2008.08.11"]
[Round "1"]
[White "Harmon Clark (USA)"]
[Black "Puntier William (DOM)"]
[Result "0-1"]
[WhiteElo "2187"]
[BlackElo "2283"]

1.c4 f5 2.Nc3 Nf6 3.Nf3 d6 4.d4 g6 5.g3 Bg7 6.Bg2 O-O 7.O-O c6 8.Rb1 Ne4
9.Nxe4 fxe4 10.Ng5 d5 11.cxd5 cxd5 12.Be3 Nc6 13.Qd2 Bf5 14.Rbc1 h6 15.Nh3 g5
16.f3 exf3 17.Rxf3 Qd7 18.Nf2 e5 19.g4 Bxg4 20.Nxg4 Qxg4 21.Rg3 Qe6 22.dxe5
Rad8 23.Bc5 Rf4 24.Bd6 Rd4 25.Qc3 Nxe5 26.Bxe5 Bxe5 27.Re3 Rc4 {#R} 0-1

[Event "It (open) \"]
[Site "masterchessopen.com - Berlin (Germany)"]
[Date "2008.08.16"]
[Round "1"]
[White "Mager Thomas (GER)"]
[Black "Kalinitschew Sergey (GER)"]
[Result "0-1"]
[WhiteElo "1874"]
[BlackElo "2492"]

1.d4 f5 2.g3 Nf6 3.Bg2 g6 4.Nf3 Bg7 5.O-O O-O 6.c4 d6 7.Nc3 c6 8.Re1 Na6 9.e4
fxe4 10.Nxe4 Nxe4 11.Rxe4 Bf5 12.Re1 Qd7 13.Bf4 Nb4 14.Nh4 Nc2 15.Nxf5 Nxe1
16.Nxg7 Nxg2 17.Kxg2 Kxg7 18.Qd2 Rf7 19.Bh6+ Kh8 20.Re1 Re8 21.d5 e5 22.dxe6
Rxe6 23.Rxe6 Qxe6 24.Qa5 b6 25.Qg5 Qe4+ 26.Kg1 Qe1+ 27.Kg2 Rxf2+ 28.Kh3 Qe6+
{#R} 0-1

[Event "It (open)"]
[Site "masterchessopen.com - Schwarzach (Austria)"]
[Date "2008.08.17"]
[Round "2"]
[White "Zoebisch Herbert (AUT)"]
[Black "Rolletschek Heinrich (AUT)"]
[Result "1-0"]
[WhiteElo "2145"]
[BlackElo "2222"]

1.d4 f5 2.g3 g6 3.Bg2 Nf6 4.Nf3 Bg7 5.c4 d6 6.O-O O-O 7.Nc3 c6 8.d5 e5 9.dxe6
Bxe6 10.Qd3 Na6 11.Ng5 Qe7 12.Bf4 Rad8 13.Rad1 Ne8 14.Qe3 Rf6 15.Nd5 cxd5
16.cxd5 Nac7 17.Nxe6 {#r} 1-0

[Event "Olympiad (juniors) (under 16) (team)"]
[Site "masterchessopen.com - Mersin (Turkey)"]
[Date "2008.08.20"]
[Round "6"]
[White "Malikentzos Sotirios (GRE)"]
[Black "Jefic Srdjan (BIH)"]
[Result "1-0"]
[WhiteElo "2144"]
[BlackElo "2137"]

1.c4 f5 2.g3 Nf6 3.Bg2 g6 4.Nf3 Bg7 5.O-O d6 6.d4 O-O 7.Nc3 c6 8.d5 e5 9.dxe6
Bxe6 10.Qd3 Qe7 11.Ng5 Na6 12.Bf4 Rad8 13.Rad1 Ng4 14.Nd5 cxd5 15.Nxe6 Nb4
16.Qb3 Qxe6 17.Qxb4 Nf6 18.Rxd5 Kh8 19.Rxd6 Qxe2 20.c5 Ne4 21.Bxe4 Qxe4
22.Qxe4 fxe4 23.b4 Bc3 24.b5 Bb4 25.Rfd1 Rxd6 26.cxd6 Kg8 27.Rd4 Ba5 28.Rxe4
Rf5 29.Re8+ Kf7 30.Re7+ Kf6 31.Rxb7 {#r} 1-0

[Event "It (open) (b)"]
[Site "masterchessopen.com - Polanica Zdroj (Poland)"]
[Date "2008.08.23"]
[Round "5"]
[White "Kaniak Monika (POL)"]
[Black "Mc Aleenan Charles (SCO)"]
[Result "1-0"]
[WhiteElo "1911"]
[BlackElo "1805"]

1.d4 d6 2.c4 f5 3.Nc3 Nf6 4.Nf3 g6 5.g3 Bg7 6.Bg2 O-O 7.O-O c6 8.Qc2 Na6 9.a3
Qe8 10.Re1 e5 11.dxe5 dxe5 12.e4 Nxe4 13.Nxe4 fxe4 14.Ng5 Nc5 15.Nxe4 Ne6
16.Be3 Qf7 17.Rad1 Nd4 18.Bxd4 exd4 19.Nd6 Qf6 20.Ne8 Qf7 21.Nxg7 Qxg7 22.Qe4
d3 23.Qxd3 Qxb2 24.Re2 Qf6 25.c5 Bg4 26.Qc4+ {#r} 1-0

[Event "It (open)"]
[Site "masterchessopen.com - Reunion (France)"]
[Date "2008.10.12"]
[Round "2"]
[White "Tang Hon Yue Thibault"]
[Black "Ane Regis (FRA)"]
[Result "0-1"]
[WhiteElo "1390"]
[BlackElo "1986"]

1.d4 f5 2.Nf3 Nf6 3.g3 g6 4.Bg2 Bg7 5.O-O O-O 6.c4 d6 7.Nc3 c6 8.b3 Qe8 9.e3
Nbd7 10.Re1 e5 11.dxe5 dxe5 12.e4 Nh5 13.exf5 gxf5 14.Bb2 Qg6 15.Nd2 Re8
16.Nf3 Qf7 17.Ng5 Qg6 18.h4 h6 19.Nf3 e4 20.Nd4 Ne5 21.Nxe4 fxe4 22.Bxe4 Qg4
23.Qxg4 Bxg4 24.Ba3 Nxc4 {#R} 0-1

[Event "It (open)"]
[Site "masterchessopen.com - Munich (Germany)"]
[Date "2008.10.14"]
[Round "4"]
[White "De Francesco Klaus (GER)"]
[Black "Kretschel Klaus (GER)"]
[Result "1-0"]
[WhiteElo "2345"]
[BlackElo "2140"]

1.d4 f5 2.g3 Nf6 3.Bg2 g6 4.Nf3 Bg7 5.O-O O-O 6.c4 d6 7.Nc3 c6 8.b3 a5 9.Bb2
Na6 10.Re1 Nc7 11.e4 fxe4 12.Nxe4 Nxe4 13.Rxe4 Bf5 14.Re1 Qd7 15.Ng5 Bf6
16.Ne4 Bxe4 17.Rxe4 d5 18.Re2 Rad8 19.c5 Ne6 20.Bh3 Nxd4 21.Bxd7 Nxe2+ 22.Qxe2
{#r} 1-0